• 首页
  • 本馆介绍
  • 公告通知
  • 最新文献
  • 馆藏检索
  • 电子资源
  • 读者导购
  • 参考咨询
  • 我的图书馆
  • 登录
  • 详细信息显示
  • 放入我的书架
  • 预约/预借图书
  • 作者相关作品
  • 分类相关作品
  • 丛书相关作品
  • 出版社相关作品

书目信息

  • 表格格式
  • 工作单格式
  • 卡片格式
题名:
怎样吃最健康
    
 
作者: 增尾清 著
分册:  
出版信息: 北京   农村读物出版社  1999
页数: 153页
开本: 20cm
丛书名: 保健丛书
单 册:
中图分类: R154
科图分类:
主题词: 营养卫生 , 食品卫生 , 饮食卫生 , 食品卫生学
电子资源:
ISBN: 7-5048-2960-9
000 00680nam0 2200253 450
001 0735368554
005 20070714110725.39
010    @a7-5048-2960-9@dCNY8.20
100    @a20070709d1999 km y0chiy0120 ea
101 0  @achi
102    @aCN@b110000
200 1  @a怎样吃最健康@Azen yang chi zui jian kang@f(日)增尾清著@F(ri)zeng wei qing zhu
210    @a北京@c农村读物出版社@d1999@h2000
215    @a153页@d20cm
225 2  @a保健丛书
410  0 @12001 @a保健丛书
606 0  @a营养卫生
606 0  @a食品卫生
606 0  @a饮食卫生
606 0  @a食品卫生学
690    @aR154@v3
701  0 @a增尾清@Azeng wei qing@4著
801  0 @aCN@bPFT@c20070714
905    @a10447@dR154@e74
    
    怎样吃最健康/(日)增尾清著.-北京:农村读物出版社,1999(2000)
    153页;20cm.-(保健丛书)
    
    
    ISBN 7-5048-2960-9:CNY8.20
    
●
相关链接 在E读中查询图书 在五车中查询图书 在当当中查询图书 在豆瓣中查询图书


正题名:怎样吃最健康     索取号:R154/74         预约/预借

序号 登录号 条形码 馆藏地/架位号 状态 备注
1 0765877   207658774   第二样本阅览室/ [索取号:R154/74] 在馆    
唐山师范学院图书馆 欢迎您!
大连网信软件有限公司© 版权所有